000 00414pab a2200169 454500
008 180718b2012 xxu||||| |||| 00| 0 eng d
100 _aGatade, Subhash
245 _aDalits in Hindu Rashtra: Time for another Sadbhavna fast, Modiji?
260 _c2012
300 _ap.11-15.
362 _a23 June
650 _aDalits
650 _aBackward classes
773 _aMainstream
908 _aN
909 _a96887
999 _c96887
_d96887